FoxPro snadno a rychle /

Salvato in:
Dettagli Bibliografici
Autore principale: Bílek, Jan (Autore)
Natura: Libro
Lingua:ceco
Pubblicazione: Praha : Grada, 1991
Soggetti:
Tags: Aggiungi Tag
Nessun Tag, puoi essere il primo ad aggiungerne!!

MARC

LEADER 00000nam a22000003a 4500
001 stu34766
005 20150617225729.6
008 920325s1991----cs------------------cze-d
020 |a 80-85424-09-6 
040 |a STU  |b slo 
041 0 |a cze 
044 |a cs 
080 |a 519.68 
100 1 |a Bílek, Jan  |4 aut 
245 1 |a FoxPro snadno a rychle /  |c [aut.]Jan Bílek 
260 |a Praha :  |b Grada,  |c 1991 
300 |a 248 s 
650 7 |a Programovanie:FoxPro  |2 stusub 
650 7 |a FoxPro  |2 stusub 
650 7 |a programovanie  |2 stusub 
996 |b 284M021146  |c M*7927-1  |l MMKN  |s A  |a 24  |w stu34766_0001 
996 |b 284M021144  |c M*7927-2  |l MMKN  |s A  |a 24  |w stu34766_0002 
996 |b 284M021145  |c M*7927-3  |l MMKN  |s A  |a 24  |w stu34766_0003 
996 |b 284M021147  |c M*7927-4  |l MMKN  |s A  |a 24  |w stu34766_0004